100 Jahre FIG 1878-1978 ... The historical development of FIG. (Record no. 95920)

MARC details
000 -LEADER
fixed length control field 00641cam a2200217 4500
001 - CONTROL NUMBER
control field D3763
008 - FIXED-LENGTH DATA ELEMENTS--GENERAL INFORMATION
fixed length control field 090401t1978 xxu||||| |||| 00| 0 eng d
035 ## - SYSTEM CONTROL NUMBER
System control number (Sirsi) u74780
041 ## - LANGUAGE CODE
Language code of text/sound track or separate title eng
050 ## - LIBRARY OF CONGRESS CALL NUMBER
Classification number 333.00601
100 ## - MAIN ENTRY--PERSONAL NAME
Personal name Ahrens, H.
245 ## - TITLE STATEMENT
Title 100 Jahre FIG 1878-1978 ... The historical development of FIG.
260 ## - PUBLICATION, DISTRIBUTION, ETC.
Place of publication, distribution, etc. Stockholm
Name of publisher, distributor, etc. FIG
Date of publication, distribution, etc. 1978
300 ## - PHYSICAL DESCRIPTION
Extent 219p. 30cm
350 ## - PRICE (NR) (BK AM CF MU VM SE) [OBSOLETE]
Price 0
520 ## - SUMMARY, ETC.
Summary, etc. Published for the XV International Congress of Surveyors, Stockholm 1978. Text in German, English and French.
650 ## - SUBJECT ADDED ENTRY--TOPICAL TERM
Topical term or geographic name entry element HISTORY
710 ## - ADDED ENTRY--CORPORATE NAME
Corporate name or jurisdiction name as entry element Federation International Des Geometres
942 ## - ADDED ENTRY ELEMENTS (KOHA)
Suppress in OPAC 0
948 ## - LOCAL PROCESSING INFORMATION (OCLC); SERIES PART DESIGNATOR (RLIN)
c (OCLC) 04/03/1997
Holdings
Withdrawn status Lost status Source of classification or shelving scheme Damaged status Not for loan Home library Current library Shelving location Date acquired Total Checkouts Full call number Barcode Date last seen Copy number Price effective from Koha item type
    Dewey Decimal Classification     London London Basement 14/09/1999   SHELF 328 30001040 06/08/2019 1 06/08/2019 Book